BIBLIOTECA PODER JUDICIAL
Portal Judicial TDF

Análisis jurídico y constitucional del decreto 62/2025. Inconstitucionalidad, regresividad, falacias y vulneración de derechos en la modificación de la Ley de Identidad de Género / (Registro nro. 5445)

000 -LEADER
fixed length control field 01255nab a22002417a 4500
003 - CONTROL NUMBER IDENTIFIER
control field OSt
005 - DATE AND TIME OF LATEST TRANSACTION
control field 20251020130912.0
008 - FIXED-LENGTH DATA ELEMENTS--GENERAL INFORMATION
fixed length control field 190604e xxu||||| |||| 00| 0 spa d
040 ## - CATALOGING SOURCE
Transcribing agency PJ
100 ## - MAIN ENTRY--PERSONAL NAME
9 (RLIN) 6315
Personal name Alvarez, Rocío Belén
245 10 - TITLE STATEMENT
Title Análisis jurídico y constitucional del decreto 62/2025. Inconstitucionalidad, regresividad, falacias y vulneración de derechos en la modificación de la Ley de Identidad de Género /
Statement of responsibility, etc Rocío Belén Álvarez, Estela Luján Núñez.
260 ## - PUBLICATION, DISTRIBUTION, ETC. (IMPRINT)
Place of publication, distribution, etc Ciudad Autónoma de Buenos Aires :
Name of publisher, distributor, etc Thomson Reuters La Ley,
Date of publication, distribution, etc 2025.
300 ## - PHYSICAL DESCRIPTION
Extent p. 44-50
500 ## - GENERAL NOTE
General note Cita Online: TR LALEY AR/DOC/776/2025.<br/>
505 ## - FORMATTED CONTENTS NOTE
Title Sumario: I. Resumen del DNU 62/2025.— II. Análisis jurídico y constitucional del dec. 62/2025.— III. Conclusión.<br/><br/>
505 ## - FORMATTED CONTENTS NOTE
Title ¿Te interesa el texto completo? Solicitalo al correo: koha@justierradelfuego.gov.ar
650 #0 - SUBJECT ADDED ENTRY--TOPICAL TERM
9 (RLIN) 4305
Topical term or geographic name as entry element DERECHO A LA IDENTIDAD DE GÉNERO
650 #0 - SUBJECT ADDED ENTRY--TOPICAL TERM
9 (RLIN) 1576
Topical term or geographic name as entry element DISCRIMINACION
650 #0 - SUBJECT ADDED ENTRY--TOPICAL TERM
9 (RLIN) 200
Topical term or geographic name as entry element DECRETOS DE NECESIDAD Y URGENCIA
700 ## - ADDED ENTRY--PERSONAL NAME
9 (RLIN) 6316
Personal name Nuñez, Estela Luján
Función coautora
773 0# - HOST ITEM ENTRY
Host Biblionumber 2714
Host Itemnumber 3171
Place, publisher, and date of publication Ciudad Autónoma de Buenos Aires : Thomson Reuters La Ley, 2014-
Title Revista anales de legislación argentina. Nº 4 - Mayo 2025.
942 ## - ADDED ENTRY ELEMENTS (KOHA)
Source of classification or shelving scheme
Koha item type Analítica Artículo de Revista

No hay ítems disponibles.

12 de Octubre 789 Ushuaia - Tel:  54(02901)441571
Horario de Atención: 8.00 a 17.00 hs. 
bibliotecaush@justierradelfuego.gov.ar
koha@justierradelfuego.gov.ar
Seguinos en nuestras redes @bibliojustdf 

Con tecnología Koha